[Event "Morava-ch U16"]
[Site "Loucna nad Desnou"]
[Date "2017.10.24"]
[Round "1"]
[White "Krc, Michal"]
[Black "Stalmach, Richard"]
[Result "0-1"]
[WhiteElo "1418"]
[BlackElo "1899"]
[PlyCount "86"]
[EventDate "2017.10.24"]
[EventType "swiss"]
[EventRounds "9"]
[EventCountry "CZE"]
[SourceTitle "EXT 2020"]
[Source "ChessBase"]
[SourceDate "2019.10.17"]
[SourceVersion "1"]
[SourceVersionDate "2019.10.17"]
[SourceQuality "1"]

1. e4 c6 2. d4 d5 3. Nc3 dxe4 4. Nxe4 Bf5 5. Ng3 Bg6 6. Nf3 Nd7 7. Bc4 e6 8. Bf4 Qa5+ 9. c3 Ngf6 10. b4 Qb6 11. 0-0 Be7 12. a4 a5 13. b5 0-0 14. Bd3 Nd5 15. Bxg6 hxg6 16. Qd2 Nxf4 17. Qxf4 cxb5 18. axb5 Qxb5 19. Rfb1 Qc6 20. c4 a4 21. Ne4 a3 22. c5 Ra7 23. Nfd2 b6 24. Rc1 bxc5 25. dxc5 f5 26. Ng5 Nxc5 27. Qh4 Bxg5 28. Qxg5 Qd5 29. Qe3 Rc8 30. Nb3 Rac7 31. Nxc5 Rxc5 32. Rxc5 Qxc5 33. Qxe6+ Kh7 34. h3 Rd8 35. Qa2 Rd3 36. Rb1 Qd4 37. Kh2 Qd6+ 38. Kh1 Rd2 39. Qc4 Qd8 40. Qb3 Qe7 41. Ra1 Rxf2 42. Qxa3 Rf1+ 43. Kh2 Qe5+ 0-1